| 000 | 00855nam a22003017a 4500 | ||
|---|---|---|---|
| 001 | BR8902867 | ||
| 003 | BR-BrBNA | ||
| 005 | 20230928093231.0 | ||
| 007 | ta | ||
| 008 | 230509b bl.||||| |||| 00| 0 por d | ||
| 040 |
_aBR-BrBNA _bpor _cBiblioteca Nacional de Agricultura |
||
| 041 | _a(Por) | ||
| 072 |
_aF01; F60; F50 _b2480 |
||
| 090 | _ 2480 BR8902867 | ||
| 100 | 1 | _aConduru Neto, J.M.H. | |
| 110 | 1 | _aFaculdade de Ciencias Agrarias do Para, Belem (Brasil) | |
| 245 | 1 | _aFatores limitantes e parametros fisiologicos da producao da seringueira | |
| 260 | 3 |
_aBelem, PA (Brasil): _c1986. |
|
| 300 | _a17 p. | ||
| 500 | _a15 ref. | ||
| 650 | _aSERINGUEIRA | ||
| 650 | _aPRODUCAO VEGETAL | ||
| 650 | _aFISIOLOGIA VEGETAL | ||
| 650 | _aANATOMIA VEGETAL | ||
| 650 | _aCLIMATOLOGIA | ||
| 909 |
_a202309 _bLucia _c55 _dLucia Elande |
||
| 942 | _cBK | ||
| 999 |
_c43772 _d43772 |
||